Normal view
MARC view
Entry Personal Name
001 - CONTROL NUMBER
- control field: 13190
003 - CONTROL NUMBER IDENTIFIER
- control field: BD-RjUL
005 - DATE AND TIME OF LATEST TRANSACTION
- control field: 20240527134425.0
008 - FIXED-LENGTH DATA ELEMENTS
- fixed length control field: 240527|| aca||aabn | a|a d
040 ## - CATALOGING SOURCE
- Original cataloging agency: BD-RjUL
- Transcribing agency: BD-RjUL
100 ## - HEADING--PERSONAL NAME
- Personal name: Rashid, Md. Harun-Ar-
670 ## - SOURCE DATA FOUND
- Source citation: Work cat.: (BD-RjUL)83829: Rashid, Md. Harun-Ar-, Gene Action and Genotype-Environment Interactions of some Quantative Traits in Silkworm. Bomyx Mori L. (Lepidoptera : Bombycidae) / , 2006